| 000 | 00802nam a2200205Ii 4500 | ||
|---|---|---|---|
| 003 | JO-AjNU | ||
| 008 | 230605s9999||||xx |||||||||||||| ||und|| | ||
| 040 |
_aJO-AjNU _bara _erda _cJO-AjNU |
||
| 041 | _aara | ||
| 050 | 1 | 4 | _aBP80.W37.H87.2002 |
| 100 | 3 |
_aحسين ،غسان عزيز جمع وتحقيق وشرح, _eauthor _939557 |
|
| 245 | 0 | 0 | _aورقة بن نوفل مبشر الرسول صلى الله عليه وسلم :عصره-حياته-شعره |
| 250 | _aط1 | ||
| 264 | 3 | 1 | _aبيروت:دار الكتب العلمية ،2002 |
| 300 | _a191ص | ||
| 336 |
_atext _btxt _2rdacontent |
||
| 337 |
_aunmediated _bn _2rdamedia |
||
| 338 |
_avolume _bnc _2rdacarrier |
||
| 650 | 4 |
_aالاسلام-تراجم-الرهبان-الجزيرة العربية-تراجم-ورقة بن نوفل _939558 |
|
| 999 |
_aA16716 _c20284 _d20284 |
||